Loading...

Modernity and postmodernity : knowledge, power and the self /

This accessible and comprehensive overview of the main issues on the modernity-postmodernity controversy is the first clear-sighted book on the subject. It surveys modern social theory, from Kant to Weber with economy and masterly precision. And evaluates the work of the Frankfurt School, Arendy, St...

Full description

Bibliographic Details
Main Author: Delanty, Gerard
Format: Printed Book
Language:English
Published: London ; Thousand Oaks : SAGE Publications, 2000.
Subjects:
Online Access:http://www.loc.gov/catdir/enhancements/fy0657/00700036-t.html
http://www.loc.gov/catdir/enhancements/fy0657/00700036-d.html
LEADER 01844cam a22002774a 4500
008 001018t2000 enk b 001 0 eng c
020 |a 0761959033 
020 |a 0761959041 (pbk)  |c £ 20.99 
082 0 0 |a 300/.1  |2 21 
100 1 |a Delanty, Gerard. 
245 1 0 |a Modernity and postmodernity :  |b knowledge, power and the self /  |c Gerard Delanty. 
260 |a London ;  |a Thousand Oaks :  |b SAGE Publications,  |c 2000. 
300 |a xiii, 194 p. ;  |c 24 cm. 
504 |a Includes bibliographical references (p. [173]-191) and index. 
520 |a This accessible and comprehensive overview of the main issues on the modernity-postmodernity controversy is the first clear-sighted book on the subject. It surveys modern social theory, from Kant to Weber with economy and masterly precision. And evaluates the work of the Frankfurt School, Arendy, Strauss, Luhmann, Habermas, Heller, Castoriadis and Touraine, before moving on to consider the approaches of the leading writers on postmodenrity: Lyotard, Vattimo, Derrida, Foucault and Jameson. The result is a new way of conceptualizing the modernity-postmodernity debate, and an exciting new approach to the roots of contemporary social theory. 
650 0 |a Postmodernism  |x Social aspects. 
650 0 |a Social sciences  |x Philosophy. 
650 0 |a Sociology  |x Philosophy. 
650 4 |a Social sciences  |x Philosophy. 
856 4 1 |u http://www.loc.gov/catdir/enhancements/fy0657/00700036-t.html 
856 4 2 |u http://www.loc.gov/catdir/enhancements/fy0657/00700036-d.html 
906 |a 7  |b cbc  |c pccadap  |d 2  |e ncip  |f 20  |g y-gencatlg 
942 |c BK 
955 |a ps05 10-18-00 to SSCD; sf07 01-19-01; sf04; to Dewey 01-22-01; aa20 02-02-01 
999 |c 276565  |d 276565 
952 |0 0  |1 0  |2 ddc  |4 0  |6 300_000000000000000__1_DEL_M  |7 0  |9 311121  |a PHL  |b PHL  |c ST1  |d 2015-12-14  |i 4149  |l 0  |o 300/.1 DEL/M  |p PHL4149  |r 2015-12-14  |y BK  |k £ 20.99